| 000 | 00467nam a22001813 4500 | ||
|---|---|---|---|
| 001 | 202399 | ||
| 016 | _dcompra | ||
| 090 | _a202399 | ||
| 100 | _a20260529d u||y0pory50 ba | ||
| 200 |
_aSimple Minds: real life (CD ℓudio) _fSimple Minds |
||
| 210 |
_cVirgin Records _d1991 |
||
| 215 | _cCD ùdio | ||
| 606 |
_91103 _aMs͠ica |
||
| 610 | _arock | ||
| 675 |
_a78 _vUK _zeng |
||
| 710 |
_917422 _aSimple Minds - grupo rock escocs̊ |
||
| 801 |
_aPT _bBMMN _gRPC |
||
| 990 | _cCD MUSICA | ||